000 00741pam a2200193 a 4500
999 _c12415
_d12415
003 OSt
005 20240116162228.0
008 820915r19831910nyua 000 0 eng
020 _a9780486244570
082 0 0 _a720.22
_219
_bWRI
100 1 _aWright, Frank Lloyd,
_d1867-1959.
240 1 0 _aAusgeführte Bauten und Entwürfe.
_lEnglish
245 1 0 _aDrawings and plans of Frank Lloyd Wright :
_bthe early period (1893-1909) /
_cby Frank Lloyd Wright.
260 _aNew York :
_bDover Publications,
_cc1983.
300 _aca. 100 p. :
_bchiefly ill. ;
_c35 cm.
500 _aOriginally published as: Ausgeführte Bauten und Entwürfe. Berlin : E. Wasmuth, 1910. German text omitted.
600 1 0 _aWright, Frank Lloyd,
_d1867-1959.
942 _2ddc